000 00379 a2200169 4500
001 189395
020 _a978-85-10-03824-9-9
040 _cMagnum
100 _aVieira, Regina
240 1 0 _aA mochila que pesava demais
_lpor
245 1 0 _aA mochila que pesava demais
300 _a23
362 0 _a2007
440 1 _aDo Brasil
697 _aLITERATURA INFANTO
942 _cBK
999 _c189395
_d189395